| 000 | 00999nam a22002895a 4500 | ||
|---|---|---|---|
| 005 | 20080522115808.0 | ||
| 008 | 080520s2008 nyu 000 0 eng | ||
| 010 | _aENG-95808 | ||
| 020 |
_a9788173200779 _c1500.00 |
||
| 035 | _aEN-79341 | ||
| 037 | _bDBAD/PUB | ||
| 040 | _aDPL | ||
| 082 | _a793.31954 | ||
| 100 |
_aJyotishi, Chetana _d1961- |
||
| 245 |
_aNayika Bheda in kathak / _cby Chetana Jyotishi |
||
| 250 | _a. | ||
| 260 |
_aNew Delhi _bAgam Kala Prakashan _c2009 |
||
| 270 |
_a34, Central Market, Ashok Vihar _bNew Delhi _e110052 |
||
| 300 |
_axvi, 236p. _b24cm, (Hb) |
||
| 490 |
_a Abhinava grantha mala; _v2 puá¹£pa |
||
| 500 | _aIncludes index | ||
| 650 | _aKathak (Dance) | ||
| 650 | _aHeroines in dance. | ||
| 942 |
_2ddc _cEN _mJYO _h793.31954 |
||
| 999 |
_c33569 _d33569 |
||